| 000 | 00426nam a2200157 i 4500 | ||
|---|---|---|---|
| 001 | 24192 | ||
| 003 | ES-MaACL | ||
| 005 | 20230906153015.0 | ||
| 007 | t| | ||
| 008 | 021216s1972 sp ||||1| spa d | ||
| 100 | 1 |
_aAndrés, Rafael de. _921584 |
|
| 245 | 1 | 0 |
_aDios _b: ida y vuelta / _cRafael de Andrés, S.J. |
| 260 |
_aMadrid : _bStudium, _c[1972] |
||
| 300 |
_aX, 392 p. ; _c19 cm. |
||
| 852 |
_aES-MaACL _jC-53248 _bR.84506 |
||
| 999 |
_c24192 _d24192 |
||